00709nam a2200193Ia 4500008004100000020001800041041000800059082001600067100002400083245002500107260003900132300000900171440006800180500005600248700002400304906000700328999001700335952016300352230125s9999 xx 000 0 und d a1-84112-237-8 aeng a302.35bPET aPettinger R9109842 aGlobal Organizations c2002bCapstone publicationaLondon a132p aEssential Management Thinking At Your Fingertips Series9107434 aGlobalization;Series Book;Organizations Series Book aPettinger R9109842 b24 c86519d86519 00104070aHIMRbHIMRd2003-04-28eThe Word Book Shopg160.00i15931l0o302.35 PET B03451pHIMR-BK-3451r2023-01-25 00:00:00v136.00w2003-04-10yBKzB03451